PHP, MYSQL, AND APACHE SERVER (Record no. 5160)

MARC details
000 -LEADER
fixed length control field 00415nam a22001697a 4500
005 - DATE AND TIME OF LATEST TRANSACTION
control field 20210826110252.0
008 - FIXED-LENGTH DATA ELEMENTS--GENERAL INFORMATION
fixed length control field 160702b xxu||||| |||| 00| 0 eng d
020 ## - INTERNATIONAL STANDARD BOOK NUMBER
ISBN 978-93-80298-98-6
041 ## - LANGUAGE CODE
Language code of text/sound track or separate title eng
082 ## - DEWEY DECIMAL CLASSIFICATION NUMBER
Item number 20913
100 ## - MAIN ENTRY--AUTHOR NAME
Personal name Banzal, Shashi
245 ## - TITLE STATEMENT
Title PHP, MYSQL, AND APACHE SERVER
260 ## - PUBLICATION, DISTRIBUTION, ETC. (IMPRINT)
Name of publisher Firewall Media
Year of publication 2015
300 ## - PHYSICAL DESCRIPTION
Number of Pages 943
650 ## - SUBJECT ADDED ENTRY--TOPICAL TERM
Topical Term Information Technolocy
942 ## - ADDED ENTRY ELEMENTS (KOHA)
Koha item type Books
Holdings
Lost status Damaged status Collection code Home library Current library Shelving location Date acquired Cost, normal purchase price Full call number Accession Number Koha item type
    Reference JRU Library   SHELF-30-C 02/07/2016 725.00 005.133 20913 Books